[Event "FRA-chT2 0405"]
[Site "France"]
[Date "2005.01.09"]
[Round "6.5"]
[White "Loiret, Stanislas"]
[Black "Izbicki, Jean Louis"]
[Result "1-0"]
[WhiteElo "2258"]
[BlackElo "2083"]
[PlyCount "142"]
[EventDate "2004.10.10"]
[EventType "team"]
[EventRounds "11"]
[EventCountry "FRA"]
[SourceTitle "EXT 2006"]
[Source "ChessBase"]
[SourceDate "2005.11.24"]
[SourceVersion "1"]
[SourceVersionDate "2005.11.24"]
[SourceQuality "1"]

1. Nf3 d5 2. c4 e6 3. g3 Nf6 4. Bg2 Be7 5. d4 c6 6. Qc2 Nbd7 7. 0-0 0-0 8. b3 b6 9. Bb2 Bb7 10. Nbd2 c5 11. cxd5 exd5 12. Rac1 Rc8 13. Qf5 g6 14. Qd3 Ne4 15. Ne5 f5 16. Nxd7 Qxd7 17. dxc5 Nxc5 18. Qe3 Bf6 19. Bxf6 Rxf6 20. Qd4 Rff8 21. Nf3 Rfe8 22. e3 Re4 23. Qd2 Ree8 24. Rfd1 Ne4 25. Qd4 Rxc1 26. Rxc1 Rc8 27. Qd1 Rxc1 28. Qxc1 Qc6 29. Qxc6 Bxc6 30. Nd4 Bb7 31. Bf1 Kf8 32. Bd3 Ke7 33. Kf1 Nc5 34. Ke2 Nxd3 35. Kxd3 Ba6+ 36. Kc3 Kd6 37. Nf3 Bb5 38. Kd4 Be8 39. h3 a6 40. a3 h6 41. h4 Ke6 42. Ne5 g5 43. Nf3 Bh5 44. Nd2 Be2 45. Nb1 Bb5 46. b4 Ba4 47. Nc3 Bc6 48. Ne2 Kd6 49. Nc3 Ke6 50. a4 Kd6 51. a5 bxa5 52. bxa5 Bb7 53. Na2 Bc6 54. Nb4 Bb7 55. f3 gxh4 56. gxh4 h5 57. f4 Bc8 58. Nxd5 Bb7 59. Nb4 Bc8 60. Nd5 Bb7 61. e4 fxe4 62. Nf6 Ke6 63. Nxe4 Bc8 64. Ng3 Kf6 65. Kd5 Bg4 66. Kd6 Bf3 67. Kc5 Bg4 68. Kb6 Bc8 69. Ne4+ Ke6 70. Kc7 Kd5 71. Kxc8 Kxe4 1-0

[Event "FRA-chT2 0405"]
[Site "France"]
[Date "2005.01.08"]
[Round "5.7"]
[White "Izbicki, Jean Louis"]
[Black "Le Gallo, Frederic"]
[Result "0-1"]
[WhiteElo "2083"]
[BlackElo "1975"]
[PlyCount "44"]
[EventDate "2004.10.10"]
[EventType "team"]
[EventRounds "11"]
[EventCountry "FRA"]
[SourceTitle "EXT 2006"]
[Source "ChessBase"]
[SourceDate "2005.11.24"]
[SourceVersion "1"]
[SourceVersionDate "2005.11.24"]
[SourceQuality "1"]
[WhiteTeam "Gonfreville II"]
[BlackTeam "Sautron II"]
[WhiteTeamCountry "FRA"]
[BlackTeamCountry "FRA"]

1. d4 Nf6 2. c4 e6 3. Nc3 d5 4. cxd5 exd5 5. Bg5 Be7 6. Qc2 0-0 7. e3 b6 8. Bd3 h6 9. h4 Ba6 10. Nge2 c5 11. Bf5 Nc6 12. dxc5 bxc5 13. a3 Rb8 14. Rd1 d4 15. Bf4 Bd6 16. Na4 Bxf4 17. Nxf4 Qa5+ 18. b4 cxb4 19. Rd2 bxa3 20. Ne2 dxe3 21. fxe3 Nb4 22. Qc5 Rb5 0-1